All my best friends / (Record no. 1004)

MARC details
000 -LEADER
fixed length control field 00761cam a2200253 a 4500
005 - DATE AND TIME OF LATEST TRANSACTION
control field 20260322212043.0
008 - FIXED-LENGTH DATA ELEMENTS--GENERAL INFORMATION
fixed length control field data
010 ## - LIBRARY OF CONGRESS CONTROL NUMBER
LC control number 89010920
020 ## - INTERNATIONAL STANDARD BOOK NUMBER
International Standard Book Number 0399516271 (ppk)
Terms of availability {dollar}17.95
020 ## - INTERNATIONAL STANDARD BOOK NUMBER
International Standard Book Number 9780399516276 (ppk)
Terms of availability {dollar}17.95
040 ## - CATALOGING SOURCE
Original cataloging agency DLC
Transcribing agency DLC
Modifying agency DLC
043 ## - GEOGRAPHIC AREA CODE
Geographic area code n-us---
050 00 - LIBRARY OF CONGRESS CALL NUMBER
Classification number PN2287.B87
Item number A3 1989
082 00 - DEWEY DECIMAL CLASSIFICATION NUMBER
Classification number B
-- B
Edition information 20
001 - CONTROL NUMBER
control field data
100 1# - MAIN ENTRY--PERSONAL NAME
Personal name Burns, George,
Dates associated with a name 1896-1996.
245 10 - TITLE STATEMENT
Title All my best friends /
Statement of responsibility, etc. George Burns & David Fisher.
260 ## - PUBLICATION, DISTRIBUTION, ETC.
Place of publication, distribution, etc. New York :
Name of publisher, distributor, etc. Putnam,
Date of publication, distribution, etc. c1989.
300 ## - PHYSICAL DESCRIPTION
Extent 320, [48] p. of plates :
Other physical details ill. ;
Dimensions 24 cm.
600 10 - SUBJECT ADDED ENTRY--PERSONAL NAME
Personal name Burns, George,
Dates associated with a name 1896-1996.
650 #0 - SUBJECT ADDED ENTRY--TOPICAL TERM
Topical term or geographic name entry element Comedians
Geographic subdivision United States
Form subdivision Biography.
650 #0 - SUBJECT ADDED ENTRY--TOPICAL TERM
Topical term or geographic name entry element Entertainers
Geographic subdivision United States
Form subdivision Biography.
700 1# - ADDED ENTRY--PERSONAL NAME
Personal name Fisher, David,
Dates associated with a name 1946-
Holdings
Withdrawn status Lost status Damaged status Not for loan Home library Current library Shelving location Date acquired Total checkouts Full call number Barcode Date last seen Price effective from Koha item type
        Centerville Centerville General stacks 22/03/2026   792.7/028/092 B 20 BC0011037 22/03/2026 22/03/2026 Books